| 000 -LEADER | |
|---|---|
| fixed length control field | 00450nam a22001577a 4500 |
| 020 ## - INTERNATIONAL STANDARD BOOK NUMBER | |
| ISBN | 9988070985 |
| 050 ## - LIBRARY OF CONGRESS CALL NUMBER | |
| Classification number | RT 42 roy |
| 100 ## - MAIN ENTRY--AUTHOR NAME | |
| Personal name | Lisa Dougherty (ed) |
| 245 ## - TITLE STATEMENT | |
| Title | ROYAL Marsden hospital manual of clinical nursing |
| 250 ## - EDITION STATEMENT | |
| Edition statement | 6th |
| 260 ## - PUBLICATION, DISTRIBUTION, ETC. (IMPRINT) | |
| Place of publication | Oxford |
| Name of publisher | Blackwell Publishing |
| Year of publication | 2004 |
| 300 ## - PHYSICAL DESCRIPTION | |
| Number of Pages | xix, 870p., illus, bibliographic references and index |
| 650 ## - SUBJECT ADDED ENTRY--TOPICAL TERM | |
| Topical Term | Nursing Handbooks, manual etc. |
| 700 ## - ADDED ENTRY--PERSONAL NAME | |
| Personal name | Sara Lister (ed) |
| 942 ## - ADDED ENTRY ELEMENTS (KOHA) | |
| Koha item type | Books |
| Koha item type | Shelving location | Accession Number | Permanent Location | Current Location | Date acquired | Full call number |
|---|---|---|---|---|---|---|
| Books | Reference | 0831 | Chapman Library | Chapman Library | 2017-02-07 | RT 42 roy |

